000 00798nam a2200229 a 4500
001 39018
003 BD-RjUL
005 20211209052912.0
008 160404b20101999b oe||e |||| 000 0 eng d
020 _a9845550065
_cTk.150
035 _a(BD-RjUL)
040 _aBD-RjUL
_bben
_cBD-RjUL
041 _aben
082 _223
_a928
_bJAS 2010
100 _a জাহাঙ্গীর, সেলিম
_9120459
245 _aসুফিয়া কামাল/
_cসেলিম জাহাঙ্গীর
260 _aঢাকা:
_bমোঃ নজরুল হক,
_c২০১০.
300 _a২২৪ পৃ.:
_bচিত্র ;
_c২২ সেমি.
650 _aজীবনী
_zবাংলাদেশ
_9120522
650 _aBiography
_zBangladesh
_9120523
942 _2ddc
_cBK
999 _c39018
_d39018